[Event "ISR Youth-Ch Finals 2021 U16"]
[Site "Ramat Hasharon"]
[Date "2021.03.24"]
[Round "6.15"]
[White "Zaromb, Charles Irving"]
[Black "Rozen, Eytan"]
[Result "0-1"]
[WhiteElo "1886"]
[BlackElo "2399"]
[Annotator "RC"]
[PlyCount "104"]
[EventDate "2021.03.19"]
[EventType "swiss"]
[EventCountry "ISR"]
[SourceTitle "playchess.com"]
[Source "ChessBase"]
[SourceQuality "1"]
[TimeControl "5400+30"]

1. e4 {[%emt 0:00:00]} c6 {[%emt 0:01:02]} 2. d4 {[%emt 0:00:00]} d5 {[%emt 0:00:07]} 3. e5 {[%emt 0:00:19]} c5 {[%emt 0:00:19]} 4. dxc5 {[%emt 0:01:08]} e6 {[%emt 0:00:38]} 5. a3 {[%emt 0:00:36]} Bxc5 {[%emt 0:00:17]} 6. Qg4 {[%emt 0:00:34]} g6 {[%emt 0:01:10]} 7. Nf3 {[%emt 0:04:03]} Nc6 {[%emt 0:07:38]} 8. b4 {[%emt 0:03:05]} h5 {[%emt 0:03:04]} 9. Qf4 {[%emt 0:01:25]} Bf8 {[%emt 0:01:24]} 10. Bb2 {[%emt 0:04:38]} Bh6 {[%emt 0:03:22]} 11. Qg3 {[%emt 0:00:26]} Nge7 {[%emt 0:11:40]} 12. Bd3 {[%emt 0:01:12]} Nf5 {[%emt 0:00:23]} 13. Qh3 {[%emt 0:05:49]} Bg7 {[%emt 0:05:22]} 14. O-O {[%emt 0:11:08]} g5 {[%emt 0:02:45]} 15. Bxf5 {[%emt 0:11:03]} exf5 {[%emt 0:00:01]} 16. Qg3 {[%emt 0:00:37]} g4 {[%emt 0:05:03]} 17. Nd4 {[%emt 0:07:58]} Nxd4 {[%emt 0:12:59]} 18. Bxd4 {[%emt 0:00:16]} Be6 {[%emt 0:01:50]} 19. f4 {[%emt 0:01:32]} b6 {[%emt 0:06:31]} 20. Nc3 {[%emt 0:02:35]} Qd7 {[%emt 0:03:22]} 21. Qd3 {[%emt 0:02:11]} Rc8 {[%emt 0:01:14]} 22. Nb5 {[%emt 0:03:28]} Rc4 {[%emt 0:00:01]} 23. Nc3 {[%emt 0:05:32]} Qc6 {[%emt 0:02:51]} 24. Nd1 {[%emt 0:01:01]} Rxc2 {[%emt 0:00:51]} 25. Ne3 {[%emt 0:00:52]} Rc4 {[%emt 0:00:01]} 26. Nxc4 {[%emt 0:00:33]} dxc4 {[%emt 0:00:10]} 27. Qc3 {[%emt 0:01:38]} h4 {[%emt 0:00:38]} 28. Rac1 {[%emt 0:02:26]} h3 {[%emt 0:00:17]} 29. Rf2 {[%emt 0:01:04]} hxg2 {[%emt 0:01:25]} 30. Rxg2 {[%emt 0:00:46]} Ke7 {[%emt 0:05:16]} 31. b5 {[%emt 0:03:57]} Qxb5 {[%emt 0:01:50]} 32. Qb4+ {[%emt 0:00:08]} Qxb4 {[%emt 0:00:01]} 33. axb4 {[%emt 0:00:08]} Rd8 {[%emt 0:00:04]} 34. Rd2 {[%emt 0:01:10]} Ke8 {[%emt 0:07:04]} 35. Ra1 {[%emt 0:00:58]} f6 {[%emt 0:02:08]} 36. Bc3 {[%emt 0:08:10]} Rxd2 {[%emt 0:02:13]} 37. Bxd2 {[%emt 0:00:06]} fxe5 {[%emt 0:00:04]} 38. Bc3 {[%emt 0:00:26]} Bf8 {[%emt 0:01:33]} 39. fxe5 {[%emt 0:01:59]} Kd7 {[%emt 0:00:27]} 40. b5 {[%emt 0:02:23]} Bd5 {[%emt 0:01:57]} 41. Rxa7+ {[%emt 0:03:33]} Ke6 {[%emt 0:00:01]} 42. Bd4 {[%emt 0:02:12]} Bc5 {[%emt 0:00:08]} 43. Bxc5 {[%emt 0:00:16]} bxc5 {[%emt 0:00:01]} 44. Kf2 {[%emt 0:02:12]} Kxe5 {[%emt 0:07:28]} 45. b6 {[%emt 0:00:19]} c3 {[%emt 0:04:50]} 46. Ke3 {[%emt 0:03:32]} c4 {[%emt 0:00:51]} 47. Re7+ {[%emt 0:01:18]} Kf6 {[%emt 0:00:11]} 48. Rd7 {[%emt 0:02:06]} f4+ {[%emt 0:00:25]} 49. Kd4 {[%emt 0:00:55]} c2 {[%emt 0:00:17]} 50. Kxd5 {[%emt 0:00:11]} c1=Q {[%emt 0:00:06]} 51. b7 {[%emt 0:00:05]} Qb1 {[%emt 0:00:39]} 52. Kxc4 {[%emt 0:00:35]} f3 {[%emt 0:00:06]} 0-1

[Event "ISR Youth-Ch Finals 2021 U16"]
[Site "Ramat Hasharon"]
[Date "2021.03.24"]
[Round "6.16"]
[White "Musyuk, Lior"]
[Black "Zoabi, Jihad"]
[Result "1/2-1/2"]
[WhiteElo "2300"]
[BlackElo "2001"]
[Annotator "TA"]
[PlyCount "149"]
[EventDate "2021.03.19"]
[EventType "swiss"]
[EventCountry "ISR"]
[SourceTitle "playchess.com"]
[Source "ChessBase"]
[SourceQuality "1"]

{[%evp 18,149,26,25,41,41,49,41,60,31,65,68,82,60,81,76,152,141,153,152,158,112,123,88,81,76,204,171,224,210,217,181,356,359,404,366,361,394,500,452,434,444,592,585,597,590,598,577,603,566,614,629,605,603,622,531,644,632,632,616,604,610,528,403,570,571,571,561,568,568,540,496,481,432,569,568,567,560,584,584,570,567,623,616,667,603,595,575,570,563,640,613,610,610,745,733,1293,2297,2236,2290,1942,1802,4104,4947,4137,1556,1211,1118,4137,4137,4137,4137,29972,29970,29964,466,469,114,125,18,25,0,0,0,0,-42,-42,-41,-41,-41,0,-41,-41,-46]} 1. Nf3 Nf6 2. g3 d6 3. d4 g6 4. Bg2 Bg7 5. O-O O-O 6. b3 c5 7. c4 Bd7 8. Bb2 cxd4 9. Nxd4 Nc6 10. Nc3 Ne8 {E60: King's Indian: Unusual lines and Fianchetto Variation without Nc3.} 11. e3 Rb8 12. Qd2 Nc7 {White is slightly better.} 13. Rac1 {[#]} Na6 $146 ({Predecessor:} 13... Nxd4 14. exd4 b5 15. c5 b4 16. Nd5 Nxd5 17. Bxd5 Qa5 18. Rfe1 Bf6 19. Bg2 dxc5 20. dxc5 Qxa2 21. Qxd7 Qxb2 {1-0 (37) Adla,D (2492)-Garcia Ortega,J (2145) Padron 2012}) 14. Nd5 Re8 15. h3 e6 16. Nxc6 bxc6 (16... Bxc6 $142 17. Bxg7 Kxg7) 17. Bxg7 $16 Kxg7 18. Nc3 d5 19. cxd5 cxd5 20. Qd4+ Kg8 21. e4 (21. Qxa7 $6 Rb6 $11) 21... Nb4 (21... e5 $16 {is a better defense.} 22. Qxd5 (22. Qxa7 Ra8 $11) 22... Be6 23. Qxd8 (23. Qxe5 Nb4 $11) 23... Rexd8) 22. exd5 $18 Bc6 (22... exd5 {was necessary.} 23. a3 (23. Nxd5 Nxd5 24. Qxd5 Be6 $16) (23. Qxa7 Be6 $16) 23... Nc6 24. Qxd5 Ne7) 23. Ne4 ({Much less strong is} 23. Qxa7 $6 Bxd5 24. Bxd5 Nxd5 $16) 23... e5 24. Qxa7 Re7 $2 (24... Bxd5 25. Rfd1 Qb6 26. Qxb6 Rxb6) 25. Qa3 Bb5 26. Rfd1 ({Weaker is} 26. Qxb4 Bxf1 27. Qc5 Bd3 $14) 26... Nd3 27. Rc3 Ra8 {[#]} 28. Qxa8 {[%mdl 576] Deflection} Qxa8 29. d6 Qa3 30. dxe7 Qxe7 {If Black can now play ...f5 this consolidates a bit.} 31. a4 Ba6 {If only Black now had time for ...f5....} 32. Rdxd3 Bxd3 33. Rxd3 Qb4 34. Nf6+ Kg7 35. Nd5 Qe1+ 36. Bf1 e4 37. Re3 Qd1 38. Nf4 g5 39. Ne2 f5 40. f3 Qe1 (40... exf3 $142 41. Rxf3 Qd5) 41. fxe4 Qd2 42. Kf2 fxe4 43. Bg2 Qd7 44. Bxe4 Qxh3 45. Nd4 Qd7 46. Rd3 {[#] White threatens Nf5+ and mate.} Qa7 47. g4 Qb8 48. Kg2 Qc8 49. Bf5 Qc1 50. Nf3 h6 51. Rd7+ Kf6 52. Rd6+ Ke7 53. Re6+ Kd8 54. Re2 Qc5 55. Rd2+ Ke8 56. Rd4 Kf8 57. b4 Qe7 58. a5 Qe8 59. Bd3 h5 60. gxh5 Qxh5 61. Bf5 Qe8 62. Bd7 Qg6 63. b5 Qc2+ 64. Rd2 Qc4 65. a6 g4 66. Nd4 (66. Ng5 $142 Qc3 67. Rf2+ Kg7 68. a7 Qa3 69. b6 g3 70. Re2 Qa6 71. Re8) 66... Qd5+ 67. Kf2 $2 (67. Kg1 $18 {has better winning chances.} Qxd7 68. b6) 67... g3+ $16 68. Kg1 (68. Kxg3 $16 {Ne6+ would kill now.} Qxd7 69. Kf2) 68... Qxd7 $11 {[%mdl 4096] Endgame KQ-KRN} 69. b6 Qe7 70. Kg2 Qb4 71. Nf3 {White wants to mate with a7.} Qxb6 72. Ra2 Qe6 73. Ra3 {Threatens to win with a7.} Qb6 {Hoping for ...Qb2+.} 74. Ra2 {Strongly threatening a7.} Qb3 75. Rd2 {White really could win this.  Weighted Error Value: White=0.07/Black=0.50} 1/2-1/2

[Event "ISR Youth-Ch Finals 2021 U16"]
[Site "Ramat Hasharon"]
[Date "2021.03.24"]
[Round "7.12"]
[White "Hoffmann, Yair"]
[Black "Levin, Guy"]
[Result "1/2-1/2"]
[WhiteElo "2352"]
[BlackElo "2355"]
[Annotator "RC"]
[PlyCount "101"]
[EventDate "2021.03.19"]
[EventType "swiss"]
[EventCountry "ISR"]
[SourceTitle "playchess.com"]
[Source "ChessBase"]
[SourceQuality "1"]
[TimeControl "5400+30"]

1. c4 {[%emt 0:00:00]} e5 {[%emt 0:01:24]} 2. Nc3 {[%emt 0:00:00]} Bb4 {[%emt 0:00:11]} 3. Nd5 {[%emt 0:00:02]} Be7 {[%emt 0:00:10]} 4. d4 {[%emt 0:00:16]} exd4 {[%emt 0:00:11]} 5. Qxd4 {[%emt 0:00:08]} Nf6 {[%emt 0:00:05]} 6. Nxe7 {[%emt 0:00:07]} Qxe7 {[%emt 0:00:08]} 7. Bg5 {[%emt 0:00:16]} Nc6 {[%emt 0:00:08]} 8. Qc3 {[%emt 0:00:08]} Ne5 {[%emt 0:00:08]} 9. Nf3 {[%emt 0:03:00]} d6 {[%emt 0:00:09]} 10. g3 {[%emt 0:00:16]} h6 {[%emt 0:06:50]} 11. Bxf6 {[%emt 0:00:46]} Qxf6 {[%emt 0:00:14]} 12. Nd4 {[%emt 0:00:26]} Nc6 {[%emt 0:08:58]} 13. Nb5 {[%emt 0:00:16]} Qxc3+ {[%emt 0:00:08]} 14. Nxc3 {[%emt 0:00:06]} Be6 {[%emt 0:01:38]} 15. b3 {[%emt 0:00:07]} O-O-O {[%emt 0:02:58]} 16. Bg2 {[%emt 0:00:30]} Ne7 {[%emt 0:04:59]} 17. O-O-O {[%emt 0:03:02]} c6 {[%emt 0:00:27]} 18. h4 {[%emt 0:09:13]} d5 {[%emt 0:10:26]} 19. cxd5 {[%emt 0:00:41]} Nxd5 {[%emt 0:00:19]} 20. Bxd5 {[%emt 0:11:27]} Bxd5 {[%emt 0:00:12]} 21. e4 {[%emt 0:01:10]} Be6 {[%emt 0:00:04]} 22. f3 {[%emt 0:00:09]} f6 {[%emt 0:02:15]} 23. h5 {[%emt 0:00:56]} Rxd1+ {[%emt 0:04:50]} 24. Kxd1 {[%emt 0:00:16]} Rd8+ {[%emt 0:04:05]} 25. Kc2 {[%emt 0:00:27]} Kd7 {[%emt 0:01:31]} 26. Ne2 {[%emt 0:01:47]} Ke7 {[%emt 0:00:37]} 27. g4 {[%emt 0:00:55]} a5 {[%emt 0:01:15]} 28. Nf4 {[%emt 0:00:41]} a4 {[%emt 0:01:53]} 29. Re1 {[%emt 0:00:59]} axb3+ {[%emt 0:04:10]} 30. axb3 {[%emt 0:00:17]} Bf7 {[%emt 0:00:02]} 31. Ra1 {[%emt 0:00:54]} Kd6 {[%emt 0:00:23]} 32. Ne2 {[%emt 0:11:28]} Be6 {[%emt 0:04:04]} 33. Kc3 {[%emt 0:00:59]} c5 {[%emt 0:02:04]} 34. Nf4 {[%emt 0:08:44]} Bf7 {[%emt 0:00:18]} 35. Ne2 {[%emt 0:04:15]} Be6 {[%emt 0:00:12]} 36. Rd1+ {[%emt 0:05:58]} Ke7 {[%emt 0:00:45]} 37. Rxd8 {[%emt 0:00:12]} Kxd8 {[%emt 0:00:01]} 38. b4 {[%emt 0:00:21]} cxb4+ {[%emt 0:00:32]} 39. Kxb4 {[%emt 0:00:06]} Kc7 {[%emt 0:00:40]} 40. Nd4 {[%emt 0:00:09]} Kd6 {[%emt 0:02:04]} 41. Nxe6 {[%emt 0:04:35]} Kxe6 {[%emt 0:00:13]} 42. f4 {[%emt 0:00:04]} Kd6 {[%emt 0:00:36]} 43. Kb5 {[%emt 0:00:03]} Kc7 {[%emt 0:00:15]} 44. Kc5 {[%emt 0:00:33]} Kd7 {[%emt 0:02:41]} 45. Kd5 {[%emt 0:02:26]} Ke7 {[%emt 0:01:00]} 46. Kc4 {[%emt 0:03:06]} Kd6 {[%emt 0:01:24]} 47. Kb5 {[%emt 0:00:15]} Kc7 {[%emt 0:00:18]} 48. Kc5 {[%emt 0:06:40]} Kd7 {[%emt 0:00:23]} 49. Kd5 {[%emt 0:00:32]} Ke7 {[%emt 0:00:10]} 50. Kc4 {[%emt 0:00:33]} Kd6 {[%emt 0:00:27]} 51. Kb5 {[%emt 0:00:02]} 1/2-1/2

[Event "ISR Youth-Ch Finals 2021 U16"]
[Site "Ramat Hasharon"]
[Date "2021.03.24"]
[Round "7.13"]
[White "Sokolovsky, Yahli"]
[Black "Aizenberg, Benny"]
[Result "1-0"]
[WhiteElo "2472"]
[BlackElo "2307"]
[Annotator "TA"]
[PlyCount "55"]
[EventDate "2021.03.19"]
[EventType "swiss"]
[EventCountry "ISR"]
[SourceTitle "playchess.com"]
[Source "ChessBase"]
[SourceQuality "1"]

{[%evp 12,55,44,0,6,0,45,52,64,40,44,34,46,62,89,91,98,61,79,48,75,55,52,56,96,99,130,116,225,226,334,318,454,439,556,556,547,550,782,722,1365,1294,1250,1246,1217,1198]} 1. e4 c5 2. Nf3 d6 3. d4 cxd4 4. Nxd4 Nf6 5. Nc3 a6 6. h3 e5 7. Nb3 Be6 {B90: Sicilian Najdorf: Unusual White 6th moves, 6 Be3 Ng4 and 6 Be3 e5.} 8. f4 $1 {The main line 8.f4 scores better than 8.Be3.} exf4 9. Bxf4 Nc6 {White is slightly better.} 10. Qf3 Ne5 {[#]} 11. Qe3 $146 ({Predecessor:} 11. Qf2 b5 12. a3 Rc8 13. Be2 Be7 14. Nd4 Nc4 15. Bxc4 Rxc4 16. Rd1 Qc7 17. Qf3 {1-0 (29) Groebel,A (1971)-Nguyen Dang,H (1795) Borken 2016}) 11... Be7 12. O-O-O Nh5 13. g3 {aiming for Bxe5.} ({Don't blunder} 13. Bxe5 $2 Bg5 $19) 13... Qc7 14. Nd4 O-O 15. Nf5 Rac8 16. Nxe7+ (16. Be2 {seems wilder.} Bxf5 17. exf5 Nf6 18. g4 h6 19. Kb1) 16... Qxe7 17. Be2 Nxf4 18. gxf4 Nc4 {[#]} 19. Qd4 {Black must now prevent f5.} f5 {[#]} (19... f6 $16) 20. exf5 $1 $18 Rxf5 (20... Bf7 $142 21. Rd3 Kh8) 21. Bg4 Qd7 (21... Qf7 {was worth a try.} 22. Rhg1 b5) 22. Rhe1 {White is clearly winning.} h5 23. Bxf5 Bxf5 24. Re2 Bxh3 {intending ...Bg4.} 25. Rde1 Rc5 26. Re7 {[%csl Ge7][%cal Rd4g7]} Qg4 27. Rg1 Bg2 28. Re2 {Weighted Error Value: White=0.09/Black=0.50} 1-0

[Event "ISR Youth-Ch Finals 2021 U16"]
[Site "Ramat Hasharon"]
[Date "2021.03.24"]
[Round "7.14"]
[White "Rozen, Eytan"]
[Black "Yaniv, Yuval"]
[Result "1-0"]
[WhiteElo "2399"]
[BlackElo "2272"]
[Annotator "TA"]
[PlyCount "73"]
[EventDate "2021.03.19"]
[EventType "swiss"]
[EventCountry "ISR"]
[SourceTitle "playchess.com"]
[Source "ChessBase"]
[SourceQuality "1"]

{[%evp 12,73,25,14,17,21,50,24,47,35,96,93,112,106,116,114,103,100,106,101,125,134,122,132,93,35,54,67,76,54,14,25,51,52,42,32,250,221,303,312,301,310,311,311,311,310,306,311,297,289,281,283,304,317,305,306,1230,1179,1074,1056,1288,1286,1084,1040]} 1. d4 Nf6 2. Nf3 d5 3. c4 e6 4. g3 Bb4+ 5. Bd2 a5 6. Qc2 O-O {The modern move.} 7. Bg2 c5 {E11: Bogo-Indian.} 8. dxc5 Bxc5 {[#]} 9. O-O $146 ({Predecessor:} 9. cxd5 Qxd5 10. Nc3 Qh5 11. Qb3 Nc6 12. Na4 Ba7 13. h3 b5 14. Nc3 Ba6 15. g4 {0-1 (36) Chu,R (2180)-Xiao,Y (2290) Hangzhou 2019}) 9... Na6 {White has an edge.} 10. a3 Qe7 (10... b6 $14) 11. Bxa5 e5 12. cxd5 e4 13. Ng5 {[%cal Rg5e4]} Bf5 14. Bc3 Rac8 15. Nd2 $1 Rfe8 16. e3 {And now Qb3 would win.} Bd6 17. Qb1 Nc5 {[%cal Ba6c5,Bc5a4,Ba4c3][%mdl 32]} 18. b4 (18. Bxf6 $16 gxf6 19. Bh3 $1 Bxh3 20. Nxh3) 18... Na4 19. Bxf6 gxf6 20. Ngxe4 {Strongly threatening Qb3.} (20. Qb3 {keeps more tension.} Nc3 21. Nh3 Red8 22. Nc4 Be5 23. Nb6) 20... Nc3 {[%mdl 64] Double Attack} 21. Nxd6 Bxb1 22. Nxc8 ({Don't go for} 22. Nxe8 $2 Bd3 $19) 22... Rxc8 23. Nxb1 Na4 {Loses the game.} (23... Ne2+ $14 24. Kh1 Rc2) 24. Nd2 Rc2 25. Nb3 Nc3 26. Nd4 Rd2 27. Rac1 Rxd4 28. Rxc3 ({Weaker is} 28. exd4 Ne2+ 29. Kh1 Nxc1 $16) 28... Rd2 29. Rcc1 Qd6 30. Rfd1 Ra2 31. Rd4 h5 32. Bf3 Rxa3 33. Bxh5 Rb3 $2 (33... Ra8 34. Be2 Re8) 34. Rc8+ $18 {White is clearly winning.} Kh7 35. Rh4 {Threatening mate with Bf3+.} Rxb4 36. Bg4+ Kg7 {[#]} 37. Rhh8 $1 {[%csl Gh8][%cal Rc8g8] Weighted Error Value: White=0.05/Black=0.25} 1-0

[Event "ISR Youth-Ch Finals 2021 U16"]
[Site "Ramat Hasharon"]
[Date "2021.03.24"]
[Round "7.15"]
[White "Borodety, Itamar"]
[Black "Guz, Ari"]
[Result "0-1"]
[WhiteElo "1612"]
[BlackElo "2302"]
[Annotator "TA"]
[PlyCount "56"]
[EventDate "2021.03.19"]
[EventType "swiss"]
[EventCountry "ISR"]
[SourceTitle "playchess.com"]
[Source "ChessBase"]
[SourceQuality "1"]

{[%evp 9,56,42,50,28,36,28,35,25,32,29,38,9,27,-22,10,-20,-1,-7,-10,-29,-30,-89,-93,-96,-40,-48,-49,-41,-41,-96,-79,-81,-102,-116,-116,-141,-164,-242,-86,-107,-85,-121,-107,-141,-118,-206,-190,-194,-192]} 1. e4 c5 2. Nf3 Nc6 3. Bb5 e5 4. O-O Bd6 5. c3 a6 6. Ba4 {B30: Sicilian: 2...Nc6 3 Bb5, lines without ...g6.} b5 7. Bc2 Nge7 8. a4 {axb5 is the strong threat.White is slightly better. 8.d3 is a critical line.} b4 9. d3 {[#]} O-O $146 ({Predecessor:} 9... Ng6 10. Be3 O-O 11. Nbd2 Be7 12. Nc4 d6 13. d4 Qc7 14. dxc5 dxc5 15. Qe2 a5 {0-1 (76) Kuhn,C (2240)-Martin Duque,J (2438) Bassano del Grappa 2021}) 10. Nbd2 {[%cal Bb1d2,Bd2c4,Bc4e3,Be3f5][%mdl 32]} Bc7 11. Nc4 (11. d4 $5) 11... d6 12. h3 Be6 13. Ne3 Bb6 14. Qe2 h6 15. g4 (15. Bd2 $11) 15... Ng6 16. Nf5 Qf6 (16... Rc8 $17) 17. Kh2 {[#] Hoping for g5.} Nf4 18. Bxf4 exf4 19. Qd2 ({White should try} 19. Nxd6 $15 Bc7 20. Nf5) 19... bxc3 $17 20. Qxc3 Ne5 21. N5h4 Rab8 22. Rab1 Qd8 23. Nxe5 {[#]} (23. Bd1 {was necessary.}) 23... Qxh4 $2 ({Less strong is} 23... dxe5 24. Nf3 $17) (23... Ba5 $1 $19 {[%cal Ra5c3] is more deadly.} 24. Qa3 (24. Nc6 $2 Qxh4 25. Qxa5 Bxg4 $19) 24... dxe5) 24. Nf3 Qd8 25. Qd2 d5 26. Kg2 Bc7 27. b4 (27. d4 $17) 27... dxe4 $19 28. dxe4 cxb4 {Weighted Error Value: White=0.26/Black=0.16} 0-1

[Event "ISR Youth-Ch Finals 2021 U16"]
[Site "Ramat Hasharon"]
[Date "2021.03.25"]
[Round "8.13"]
[White "Sokolovsky, Yahli"]
[Black "Rozen, Eytan"]
[Result "1/2-1/2"]
[WhiteElo "2472"]
[BlackElo "2399"]
[Annotator "TA"]
[PlyCount "92"]
[EventDate "2021.03.19"]
[EventType "swiss"]
[EventCountry "ISR"]
[SourceTitle "playchess.com"]
[Source "ChessBase"]
[SourceQuality "1"]

{[%evp 14,92,35,36,31,25,37,35,50,62,66,60,71,37,81,81,80,82,89,37,28,24,28,0,0,0,0,0,0,4,0,0,0,0,0,0,0,-13,-13,-13,-13,-33,-35,-40,-12,-13,-7,-7,0,0,0,0,0,0,0,0,0,0,0,0,0,0,0,0,0,0,0,-8,-8,-8,0,0,0,0,0,0,0,0,0,0,8]} 1. e4 e6 2. d4 d5 3. Nd2 dxe4 4. Nxe4 Nd7 5. Nf3 Ngf6 6. Bd3 c5 {The modern move.} 7. Nxf6+ Nxf6 8. Be3 Qc7 {C10: French with 3 Nc3: Unusual Black 3rd moves and 3...dxe4.} 9. Qe2 cxd4 10. Bxd4 Bc5 {White is slightly better.} 11. Be5 Bb4+ 12. c3 Bd6 13. Bb5+ Ke7 {[#]} 14. O-O-O $146 ({Predecessor:} 14. Bxd6+ Qxd6 15. Nd4 Qc5 16. O-O Rd8 17. Rad1 Bd7 18. Bc4 Rac8 19. Bb3 Kf8 20. f4 {0-1 (81) Kosteniuk,A (2501)-Zatonskih,A (2489) Beijing 2012}) 14... Bxe5 15. Nxe5 a6 16. Ba4 (16. Bd3 $16) 16... b5 $1 $14 {[%cal Rb5a4]} 17. Bb3 Bb7 $1 18. Rd4 Rad8 19. Rhd1 {[#] Threatens to win with Nxf7!} Rxd4 20. Rxd4 {And now Nxf7! would win.} Rd8 21. Rxd8 Kxd8 22. f3 Nd5 23. g3 Ke7 24. f4 Qc5 25. Nd3 Qg1+ 26. Bd1 Ne3 27. Qe1 (27. Kd2 {with more complications.} Nxd1 28. Qe5 Qg2+ 29. Kxd1 Bf3+ 30. Kc1) 27... Qxe1 28. Nxe1 Nxd1 29. Kxd1 $15 {[%mdl 4096] Endgame KB-KN. The position is equal.} Bd5 30. b3 a5 31. Kd2 Kd6 32. Nc2 f6 33. Ne3 Be4 34. a3 e5 35. c4 exf4 36. gxf4 b4 37. axb4 axb4 38. Nf1 g5 39. fxg5 fxg5 40. Ke3 Bc2 {Strongly threatening ...Ke5.} 41. Nd2 Kc5 42. Ne4+ Kc6 43. Nxg5 Bxb3 44. Nxh7 Kc5 45. Kd3 Ba2 {[#] ( -> ...Bb1+)} 46. Kc2 Bxc4 {Weighted Error Value: White=0.05/Black=0.03} 1/2-1/2

[Event "ISR Youth-Ch Finals 2021 U16"]
[Site "Ramat Hasharon"]
[Date "2021.03.25"]
[Round "8.14"]
[White "Guz, Ari"]
[Black "Rivlin, Shachar"]
[Result "1-0"]
[WhiteElo "2302"]
[BlackElo "1918"]
[Annotator "TA"]
[PlyCount "83"]
[EventDate "2021.03.19"]
[EventType "swiss"]
[EventCountry "ISR"]
[SourceTitle "playchess.com"]
[Source "ChessBase"]
[SourceQuality "1"]

{[%evp 16,83,45,27,48,39,64,33,29,37,44,0,60,38,41,48,36,-18,156,-18,171,168,164,170,160,174,235,219,279,257,279,257,233,147,147,153,147,147,243,209,255,147,325,320,310,297,433,421,416,410,408,316,304,299,815,714,895,709,6034,5272,29982,29982,29982,1539,5365,5221,6287,1525,1512,591]} 1. c4 Nf6 2. g3 c6 3. Bg2 d5 4. b3 g6 5. Bb2 Bg7 6. Nf3 O-O 7. O-O Bf5 {7...a5 is the modern continuation.} 8. d3 Re8 9. Nbd2 a5 {A11: English Opening: 1...c6.} 10. Re1 Qb6 11. Qc2 {[#]} Na6 $146 {White is slightly better.} ({Predecessor:} 11... Nbd7 12. Rac1 a4 13. e4 axb3 14. axb3 dxe4 15. dxe4 Nxe4 16. Nxe4 Ra2 17. Rb1 Nc5 {0-1 (41) Taylor,A (1821)-Dupre,P (2050) Ascot 2011}) 12. h3 a4 13. Bc3 axb3 (13... Nb4 $11 14. Qb2 a3) 14. axb3 Nb4 15. Qb2 Bxd3 {With the idea ...Rxa1.} 16. c5 (16. exd3 $2 Nxd3 17. Rxa8 (17. Bd4 $2 c5 $19) 17... Qxf2+ 18. Kh1 Nxb2 $19) ({White should play} 16. Ra4 $14 Ne4 17. Nxe4 dxe4 18. Bxg7 exf3 19. Bh6 $1) 16... Qb5 $2 ({Better is} 16... Qxc5 $11 17. Bxb4 Qxb4 18. Rxa8 (18. exd3 Ne4 $11) 18... Rxa8 19. exd3 Ne4) 17. Ra4 $2 {[#]} (17. exd3 $16 {Strongly threatening d4.} Nxd3 18. Bf1 $1 Nxb2 19. Bxb5) 17... Nh5 $1 18. Bxg7 (18. Rxb4 Qxb4 19. Bxb4 Bxb2 $11) (18. exd3 $6 Nxd3 19. Qa3 Rxa4 $14) 18... Nxg7 19. Qc3 $1 (19. exd3 $6 Nxd3 20. Qa3 Qxc5 $14) 19... Nc2 {[#]} 20. Rc1 (20. Qxd3 Qxd3 21. exd3 Nxe1 $17) (20. exd3 Nxe1 21. Nxe1 Rxa4 $15) 20... Bf5 ({But not} 20... Rxa4 $2 21. bxa4 (21. exd3 Ra1 $15) 21... Qb4 22. Qxd3 $18) (20... Bxe2 {was worth a try.} 21. Qxc2 Ne6) 21. Rxc2 {[%mdl 64] Remove Defender} Bxc2 22. Nd4 {[%mdl 64] Double Attack} ({Worse is} 22. Qxc2 Qxe2 23. h4 Rxa4 $15) 22... Qxa4 23. bxa4 Bxa4 24. Qb4 e5 25. N4f3 Bb5 26. Bf1 Ra4 (26... e4 $16) 27. Qb2 $18 e4 {[#]} 28. Nd4 (28. Ne5 $1 $18) 28... e3 $2 {A mistake that costs the game.} (28... Ba6 $16 29. e3 Bxf1) 29. fxe3 Ba6 30. Kf2 Ne6 (30... Re7 $142 31. h4 Ne8) 31. Nxe6 Rxe6 32. h4 h5 33. Bh3 Re8 34. Bg2 Bb5 $2 {[#]} (34... d4 35. e4 (35. exd4 Rxe2+ 36. Kf3 Bc4 $16) 35... Kf8) 35. Bxd5 $1 {[%mdl 512]} Raa8 (35... cxd5 36. Qxb5) 36. Bb3 Re7 37. Qf6 Rae8 38. Qxg6+ {[%mdl 64] Double Attack} Kf8 39. Qxh5 (39. Qh6+ $142 Kg8 40. Bc2 Rc7 41. Bh7+ Kh8 42. Bf5+ Kg8 43. Ne4 Rxe4 44. Bh7+ Kh8 45. Bxe4+ Kg8 46. Qg5+ Kh8 47. Qd8+ Kg7 48. Qxc7) 39... Rd7 {White is clearly winning.} 40. Nf3 f6 41. Qh8+ Ke7 42. Qg7+ {Weighted Error Value: White=0.27/Black=0.82} 1-0